Mahou Shoujo Madoka ★ Magica! - Statistics

General Stats
  • This quiz has been taken 38 times
  • The average score is 10 of 13
Answer Stats
Question Answer % Correct
Who uses flintlock-style muskets/rifles? Mami Tomoe
100%
Who is the magical thing that grants wishes? Kyubey/Incubator
97%
Who is the blue-haired girl? Sayaka Miki
97%
Which one of these characters is Homura Akemi?
94%
Who is the character people nickname 'Moemura'?
91%
Who is the character that relieved the same month and a half for 10-12 years? Homura
85%
Who is Charlotte? Nagisa Momoe!
85%
What did Homura say to Madoka in the movie Rebellion about her ribbons? "I knew it! They always looked better on you."
79%
Where does the show/manga take place? Mitakihara
74%
What's the name of the last chapter in the manga? (And last episode of anime) My very best friend
71%
What was Madoka's initial wish? (Her first wish before all the timelines) To save a stray cat named Amy
65%
What was Mami Tomoe's wish? Not specified in the manga or anime
35%
What did Madoka want to eat in Oriko Magica? Donuts
12%
No matching quizzes found
Score Distribution
Percent of People with Each Score
Percentile by Number Answered
Your Score History
You have not taken this quiz